V01 hololive production所属タレントクイズ - Statistics

General Stats
  • This quiz has been taken 2,215 times
    384 since last reset
  • The average score is 47 of 104
Answer Stats
Answer % Correct
星街すいせい
95%
ときのそら
94%
さくらみこ
94%
ロボ子さん
90%
白上フブキ
89%
AZKi
89%
猫又おかゆ
86%
大空スバル
84%
宝鐘マリン
84%
湊あくあ
83%
戌神ころね
83%
兎田ぺこら
83%
赤井はあと
82%
夏色まつり
82%
大神ミオ
82%
白銀ノエル
82%
アキ・ローゼンタール
81%
不知火フレア
81%
ラプラス・ダークネス
81%
百鬼あやめ
80%
天音かなた
80%
紫咲シオン
79%
癒月ちょこ
78%
角巻わため
76%
常闇トワ
76%
博衣こより
76%
風真いろは
76%
雪花ラミィ
75%
獅白ぼたん
75%
鷹嶺ルイ
75%
姫森ルーナ
74%
桃鈴ねね
74%
尾丸ポルカ
73%
沙花叉クロヱ
73%
轟はじめ
73%
桐生ココ
72%
火威青
67%
音乃瀬奏
65%
一条莉々華
65%
綺々羅々ヴィヴィ
60%
儒烏風亭らでん
59%
フワワ・アビスガード
58%
モココ・アビスガード
58%
がうる・ぐら
56%
水宮枢
56%
こぼ・かなえる
54%
虎金妃笑虎
51%
輪堂千速
51%
響咲リオナ
50%
森・カリオペ
46%
古石ビジュー
43%
クレイジー・オリー
42%
アユンダ・リス
41%
小鳥遊キアラ
41%
IRyS
40%
アーニャ・メルフィッサ
39%
ハコス・ベールズ
38%
ムーナ・ホシノヴァ
37%
ワトソン・アメリア
37%
七詩ムメイ
37%
オーロ・クロニー
35%
シオリ・ノヴェラ
34%
春先のどか
34%
アイラニ・イオフィフティーン
32%
ベスティア・ゼータ
31%
カエラ・コヴァルスキア
31%
ネリッサ・レイヴンクロフト
30%
ジジ・ムリン
29%
パヴォリア・レイネ
28%
一伊那尓栖
26%
セレス・ファウナ
26%
友人A(えーちゃん)
26%
九十九佐命
23%
ラオーラ・パンテーラ
22%
セシリア・イマーグリーン
21%
エリザベス・ローズ・ブラッドフレイム
21%
井月みちる
18%
花園さやか
17%
風白ゆき
17%
夕刻ロベル
8%
花咲みやび
7%
アステル・レダ
7%
奏手イヅル
6%
アルランディス
6%
律可
6%
夜十神封魔
6%
岸堂天真
5%
影山シエン
4%
荒咬オウガ
4%
羽継烏有
4%
水無世燐央
4%
鏡見キラ
4%
アクセル・シリオス
3%
ガビス・ベッテル
3%
万象院ハッカ
3%
オクタビオ
3%
クリムゾン・ルーズ
3%
ノワール・ヴェスパー
3%
マキナ・X・フレオン
3%
リージス・アルテア
2%
定水寺シンリ
2%
ゴールドブレッド
2%
ジュラルド・ティー・レクスフォード
2%
マグニ・デズモンド
1%
No matching quizzes found
Score Distribution
Percent of People with Each Score
Percentile by Number Answered
Your Score History
You have not taken this quiz since the last reset